[Event "Barcelona Sant Marti op-B 15th"]
[Site "Barcelona"]
[Date "2013.07.18"]
[Round "6"]
[White "Fuentes Barrientos, Carlos"]
[Black "Collell Rodriguez, Victor"]
[Result "1-0"]
[WhiteElo "1792"]
[BlackElo "1650"]
[PlyCount "45"]
[EventDate "2013.07.13"]
[EventType "swiss"]
[EventRounds "9"]
[EventCountry "ESP"]
[SourceTitle "CBM 155 Extra"]
[Source "ChessBase"]
[SourceDate "2013.08.26"]
[SourceVersion "1"]
[SourceVersionDate "2013.08.26"]
[SourceQuality "1"]

1. e4 e5 2. Nf3 Nc6 3. Bc4 Nf6 4. d4 exd4 5. 0-0 Bc5 6. e5 d5 7. exf6 dxc4 8. Re1+ Be6 9. Ng5 Qxf6 10. Nxe6 fxe6 11. Qh5+ Qf7 12. Qxc5 Rf8 13. f3 e5 14. Na3 Qg6 15. Rxe5+ Nxe5 16. Qxe5+ Kd7 17. Bf4 Qd6 18. Qxg7+ Qe7 19. Qxd4+ Ke8 20. Qxc4 Rd8 21. Bg3 Qg7 22. Nb5 Qf6 23. Re1+ 1-0

[Event "Barcelona Sant Marti op-B 15th"]
[Site "Barcelona"]
[Date "2013.07.15"]
[Round "3"]
[White "Lopez Pujol, Hector"]
[Black "Fuentes Barrientos, Carlos"]
[Result "0-1"]
[WhiteElo "1885"]
[BlackElo "1792"]
[PlyCount "86"]
[EventDate "2013.07.13"]
[EventType "swiss"]
[EventRounds "9"]
[EventCountry "ESP"]
[SourceTitle "CBM 155 Extra"]
[Source "ChessBase"]
[SourceDate "2013.08.26"]
[SourceVersion "1"]
[SourceVersionDate "2013.08.26"]
[SourceQuality "1"]

1. d4 Nf6 2. Nf3 g6 3. Nc3 Bg7 4. e4 d6 5. Be3 c6 6. h3 b5 7. Qd2 b4 8. Ne2 Nxe4 9. Qxb4 a5 10. Qb3 Ba6 11. d5 0-0 12. dxc6 Nc5 13. Bxc5 dxc5 14. Nc3 Bxf1 15. Rd1 Qc8 16. Kxf1 Nxc6 17. Nd5 Rb8 18. Qc4 e6 19. Ne3 Rxb2 20. Ke2 Rb4 21. Qd3 Rd8 22. Qa3 Bb2 23. Rxd8+ Qxd8 24. Qd3 Qxd3+ 25. Kxd3 Ra4 26. Rb1 Rxa2 27. c3 a4 28. Nc4 Bxc3 29. Kxc3 Rxf2 30. Rb2 Rf1 31. Rb6 Rc1+ 32. Kb2 Rxc4 33. Rxc6 Kg7 34. Rc7 Kf6 35. Rxf7+ Kxf7 36. Ne5+ Kf6 37. Nxc4 Kf5 38. Ne3+ Kf4 39. Nf1 e5 40. Ka3 e4 41. Kxa4 e3 42. Kb5 e2 43. g3+ Kf3 0-1

[Event "Sant Adria de Besos op 09th"]
[Site "Sant Adria de Besos"]
[Date "2013.05.12"]
[Round "5"]
[White "Del Sol Salanova, Josep Luis"]
[Black "Fuentes Barrientos, Carlos"]
[Result "1-0"]
[WhiteElo "1991"]
[BlackElo "1821"]
[PlyCount "79"]
[EventDate "2013.04.14"]
[EventType "swiss"]
[EventRounds "9"]
[EventCountry "ESP"]
[SourceTitle "EXT 2015"]
[Source "ChessBase"]
[SourceDate "2014.11.20"]
[SourceVersion "1"]
[SourceVersionDate "2014.11.20"]
[SourceQuality "1"]

1. d4 Nf6 2. Nc3 d5 3. Bg5 g6 4. Qd2 h6 5. Bf4 a6 6. f3 Nc6 7. e4 e6 8. e5 Nd7 9. Be3 b5 10. Nh3 Nb6 11. b3 b4 12. Nd1 a5 13. Nb2 Ba6 14. Bxa6 Rxa6 15. 0-0 a4 16. Qd3 Qa8 17. Nf4 Rg8 18. Rfc1 Kd7 19. Nd1 Ra5 20. Bd2 Qa6 21. c4 axb3 22. cxd5 exd5 23. Qe3 Nd8 24. Qxb3 Ra3 25. Qc2 c6 26. e6+ fxe6 27. Nxg6 Nc4 28. Nxf8+ Rxf8 29. Bxb4 Raxf3 30. gxf3 Rxf3 31. Qe2 Rf5 32. Ne3 Rg5+ 33. Kf2 Qb5 34. Nxc4 dxc4 35. Bc5 Qb8 36. Ke3 Rf5 37. Rf1 Rg5 38. Rab1 Nb7 39. Rf7+ Kc8 40. Rf8+ 1-0